Summaries of statistics relating to the mines and minerals of the United Kingdom of Great Britain and Ireland, with the Isle of Man (Record no. 165900)
[ view plain ]
| 000 -LEADER | |
|---|---|
| campo de control de longitud fija | 01015nam a22002175i 4500 |
| 001 - NÚMERO DE CONTROL | |
| campo de control | 165900 |
| 003 - IDENTIFICADOR DE NÚMERO DE CONTROL | |
| campo de control | ES-MaACL |
| 005 - FECHA Y HORA DE LA ÚLTIMA TRANSACCIÓN | |
| campo de control | 20230906213227.0 |
| 008 - DATOS DE LONGITUD FIJA--INFORMACIÓN GENERAL | |
| campo de control de longitud fija | 040920s1895 xxkab |||| | eng d |
| 040 ## - FUENTE DE CATALOGACIÓN | |
| Centro catalogador/agencia de origen | CAM |
| Lengua de catalogación | spa |
| Centro/agencia transcriptor | CAM |
| 245 00 - MENCIÓN DEL TÍTULO | |
| Título | Summaries of statistics relating to the mines and minerals of the United Kingdom of Great Britain and Ireland, with the Isle of Man |
| Resto del título | : obtained by her Majesty's Inspectors of Mines... : year 1894. |
| 260 ## - PUBLICACIÓN, DISTRIBUCIÓN, ETC. | |
| Lugar de publicación, distribución, etc. | London : |
| Nombre del editor, distribuidor, etc. | Eyre and Spottiswoode, |
| Fecha de publicación, distribución, etc. | 1895. |
| 300 ## - DESCRIPCIÓN FÍSICA | |
| Extensión | 19 p., [2] h. map. ; |
| Dimensiones | 33 cm. |
| 490 1# - MENCIÓN DE SERIE | |
| Mención de serie | Mines and minerals |
| 650 04 - PUNTO DE ACCESO ADICIONAL DE MATERIA--TÉRMINO DE MATERIA | |
| Término de materia o nombre geográfico como elemento de entrada | Industria minera- |
| Subdivisión geográfica | Gran Bretaña. |
| 9 (RLIN) | 136269 |
| 650 04 - PUNTO DE ACCESO ADICIONAL DE MATERIA--TÉRMINO DE MATERIA | |
| Término de materia o nombre geográfico como elemento de entrada | Industria minera- |
| Subdivisión geográfica | Irlanda. |
| 9 (RLIN) | 136270 |
| 830 0# - PUNTO DE ACCESO ADICIONAL DE SERIE-TÍTULO UNIFORME | |
| Título uniforme | Mines and minerals |
| 9 (RLIN) | 188212 |
| 852 ## - LOCALIZACIÓN | |
| Ubicación | ES-MaACL |
| Número de control de estantería | C-11153(6) |
| Nota libre | -- Enc. tela con esc. real en hierros dorados |
| -- | -- An. ms. y sello : "with the compliments of [sello] C. Le Neve Foster, 21 mar 95, Llandudno." |
| 852 ## - LOCALIZACIÓN | |
| Ubicación | ES-MaACL |
| Número de control de estantería | C-11153(7) |
| Nota libre | -- Enc. tela con esc. real en hierros dorados |
| Estatus retirado | Estado de pérdida | Estado de daño | No para préstamo | Colección | Biblioteca de origen | Biblioteca actual | Ubicación en estantería | Fecha de adquisición | Fuente de adquisición | Total de préstamos | Signatura topográfica completa | Código de barras | Visto por última vez | Precio de reemplazo | Tipo de ítem Koha |
|---|---|---|---|---|---|---|---|---|---|---|---|---|---|---|---|
| Libros del s. XIX | Biblioteca del Ateneo de Madrid | Biblioteca del Ateneo de Madrid | Sala Palomar | 17/01/2008 | C-11153(7) | 1173984 | 23/02/2023 | 23/02/2023 | Libro impreso antiguo | ||||||
| Libros del s. XIX | Biblioteca del Ateneo de Madrid | Biblioteca del Ateneo de Madrid | Sala Palomar | 17/01/2008 | C-11153(6) | 1173983 | 23/02/2023 | 23/02/2023 | Libro impreso antiguo |
